000 00730nam a2200229Ia 4500
003 GCL
008 140319s9999 xx 000 0 ara d
040 _aGCL /
_cGCL
082 0 4 _a157.7
_bم م
100 1 _aمرفت احمد شوقى
245 1 0 _aالمثابرة والمرض العقلى /
_cمرفت احمد شوقى
300 _a191 ص
490 _aالهيئة العامة للاستعلامات
_v0
650 0 4 _aالاحداث
650 0 4 _aالامراض النفسية
650 0 4 _aالتخلف العقلى
650 0 4 _aعلم النفس الاكلينيكى
650 0 4 _aالاختبارات النفسية
650 0 4 _aالسلوك النفسى
650 0 4 _aالمثابرة
942 _2ddc
_cBK
999 _c47683
_d47683